000 00458nam a2200157 i 4500
001 100665
003 ES-MaACL
005 20230906182722.0
007 t|
008 051004s1916 xxk ||||1| eng d
100 1 _aMathews, Albert P.
_979031
245 1 0 _aPhysiological chemistry /
_cby Albert P. Mathews.
260 _aLondon :
_bBailliere, Tindall and Cox,
_c1916.
300 _aVI, 1040 p., 1 h. pleg. :
_bil. ;
_c24 cm.
852 _aES-MaACL
_jB-11015
999 _c100665
_d100665